The Penguin dictionary of nineteenth century history
Saved in:
| Other Authors: | , |
|---|---|
| Format: | Book |
| Language: | English |
| Published: |
London :
Penguin,
1996
|
| Series: | Penguin reference books
|
| Subjects: | |
| Tags: |
Add Tag
No Tags, Be the first to tag this record!
|
MARC
| LEADER | 00000cam a2200000 i 4500 | ||
|---|---|---|---|
| 001 | 1/75665 | ||
| 008 | 990324r19961994 eng d | ||
| 020 | |a 0140512691 | ||
| 035 | |l 10049397 | ||
| 040 | |a GR-MY-UA |b gre |e aacr | ||
| 041 | 0 | |a eng | |
| 082 | 0 | |a 909.8103 | |
| 245 | 1 | 4 | |a The Penguin dictionary of nineteenth century history / |c edited by John Belchem & Richard Price |
| 260 | |a London : |b Penguin, |c 1996 | ||
| 300 | |a xviii, 746 p.; |c 20 cm. | ||
| 490 | 1 | |a Penguin reference books | |
| 500 | |a Originally published: as A dictionary of nineteenth century history: London: Blackwell, 1994 | ||
| 650 | 0 | 0 | |a History, Modern |y 19th century |x Dictionaries. |
| 700 | 1 | |a Belchem, John. |4 edt | |
| 700 | 1 | |a Price, Richard. |4 edt | |
| 830 | 0 | |a Penguin reference books | |
| 852 | |a INST |b LESVOS |e 19990324 |h 909.8103 PEN |p 005100024067 |q 005100024067 |t REF |y 23 | ||
| 901 | |a BIBL1-2000-2 | ||
| 909 | |a Λ |b 062403 | ||
| 922 | |a 1ΕΛΗ |b 199812 |c ΚΠΣ/ΚΥΒ |d LEADER | ||
| 950 | |a 023-1998-09-14 | ||
| 970 | |z 2000/04/ΜΙΧΑΗΛΙΔΟΥ ΑΝΝΑ | ||